000
00302nam a22001337a 4500
008
170822b xxu||||| |||| 00| 0 eng d
020
_a
0131112538
041
_a
eng
080
_2
3RD
_a
51
100
_a
38
101
_a
MAT
245
_a
CALCULUS AND ANALYTIC GEOMETRY
_c
EDWARDS,C,H
942
_2
udc
_c
BK
999
_c
24501
_d
24501